Zgadnij kraj po roku - Statystyki

Ogólne statystyki
  • Ten quiz został rozwiązany 12 razy
  • Średni wynik to 4 z 10
Statystyki odpowiedzi
Rok Kraj % Poprawnych
5786 Izrael
100%
4724 Chiny | Wietnam | Korea Południowa | Mongolia
82%
115 Tajwan | Korea Północna
55%
1405 Iran | Afganistan
36%
2018 Etiopia
27%
8 Japonia
27%
2142 Bhutan
18%
2569 Tajlandia | Myanmar
18%
1433 Bangladesz
9%
2082 Nepal | Sri Lanka
9%
Nie znaleziono quizów pasujących do podanych kryteriów
Rozkład punktacji
Procent ludzi z każdym wynikiem
Percentyl według liczby udzielonych odpowiedzi
Twoja historia wyników
Nie rozwiązałeś tego quizu